| 000 | 00411nam a22001457a 4500 | ||
|---|---|---|---|
| 005 | 20150612100052.0 | ||
| 008 | 150612b xxu||||| |||| 00| 0 eng d | ||
| 040 | _cPK-LaUMT | ||
| 082 |
_aKHC 954.914309033 _bABD-W |
||
| 100 | _aعبدالکریم | ||
| 245 |
_aواقعات درانی _cعبدالکریم |
||
| 260 |
_aلاہور _bپنجابی ادبی اکیڈمی _c1963 |
||
| 300 | _a228 ص | ||
| 942 | _cBK | ||
| 999 |
_c73078 _d73078 |
||